Cuatro imágenes de la Fe Cristiana. Homilía de S.E.R. Mons. Giuseppe Pittau, S. J., Secretario de la Congregación para la Educacción Católica de la Santa Sede en la Inauguración del Año Académico 2000

שמור ב:
מידע ביבליוגרפי
מחבר ראשי: Pittau, S. J., Giuseppe (Author)
פורמט: ספר
שפה:ספרדית
יצא לאור: Valparaíso Universidad Católica de Valparaíso - Chile 2000
מהדורה:1a. ed
נושאים:
תגים: הוספת תג
אין תגיות, היה/י הראשונ/ה לתייג את הרשומה!

MARC

LEADER 00000nam a2200000 a 4500
001 UCJ7805
003 CL-VaPUC
008 070124e20000307CL |||||||||||||||||spa|d
082 0 4 |a 231  |b PIT  |2 21 
100 0 |a Pittau, S. J., Giuseppe  |e author  |9 516273 
245 1 0 |a Cuatro imágenes de la Fe Cristiana. Homilía de S.E.R. Mons. Giuseppe Pittau, S. J., Secretario de la Congregación para la Educacción Católica de la Santa Sede en la Inauguración del Año Académico 2000 
250 |a 1a. ed 
300 |a 9 p 
942 |c BK 
945 |d 20070124 00:00:00  |a rinostro 
260 |a Valparaíso  |b Universidad Católica de Valparaíso - Chile  |c 2000 
500 |a El R. P. Pittau S.J., invitado a dictar la Clase Magistral con que UCV inauguró el Año Académico 2000, conoció la Biblioteca Budge y firmó nuestro Libro de Visitas 
600 0 |a Universidad Católica de Valparaíso  |9 267924 
650 0 |a Oratoria sagrada  |9 315619 
650 0 |a Archivo histórico PUCV  |9 255554 
650 0 |a Cristianismo  |9 257361 
650 7 |a JUBILEO 2000  |2 CL-VaPUC  |9 516274 
650 0 |a Año académico   |y 2000  |9 516275 
650 0 |a Visitas ilustres UCV  |9 516276 
583 |a last modification  |c 20070124 00:00:00  |k Rodrigo Vera 
999 |c 323723  |d 323721 
952 |0 0  |1 0  |4 0  |6 231_000000000000000_PIT_2000  |7 0  |8 X  |9 403497  |a FDOBUD  |b FDOBUD  |d 2019-11-22  |i 1068989  |o 231 PIT 2000  |p 1068989  |r 2019-11-22  |w 2019-11-22  |y BK_X  |k FHP 
952 |0 0  |1 0  |4 0  |6 231_000000000000000_PIT_2000  |7 0  |8 X  |9 403498  |a FDOBUD  |b FDOBUD  |d 2019-11-22  |i 1068997  |o 231 PIT 2000  |p 1068997  |r 2019-11-22  |w 2019-11-22  |y BK_X  |k FHP